<?xml version="1.0" encoding="UTF-8"?>
<record
    xmlns:xsi="http://www.w3.org/2001/XMLSchema-instance"
    xsi:schemaLocation="http://www.loc.gov/MARC21/slim http://www.loc.gov/standards/marcxml/schema/MARC21slim.xsd"
    xmlns="http://www.loc.gov/MARC21/slim">

  <leader>02818cam a2200409 a 4500</leader>
  <controlfield tag="001">6238305</controlfield>
  <controlfield tag="003">OSt</controlfield>
  <controlfield tag="005">20211221152304.0</controlfield>
  <controlfield tag="008">070221s2007    nyua          001 0 eng  </controlfield>
  <datafield tag="010" ind1=" " ind2=" ">
    <subfield code="a">  2007007213</subfield>
  </datafield>
  <datafield tag="020" ind1=" " ind2=" ">
    <subfield code="a">0071486607 (alk. paper)</subfield>
  </datafield>
  <datafield tag="029" ind1="1" ind2=" ">
    <subfield code="a">YDXCP</subfield>
    <subfield code="b">2473467</subfield>
  </datafield>
  <datafield tag="035" ind1=" " ind2=" ">
    <subfield code="a">(OCoLC)ocm85018933</subfield>
  </datafield>
  <datafield tag="035" ind1=" " ind2=" ">
    <subfield code="a">(OCoLC)85018933</subfield>
    <subfield code="z">(OCoLC)72470683</subfield>
  </datafield>
  <datafield tag="035" ind1=" " ind2=" ">
    <subfield code="a">(NNC)6238305</subfield>
  </datafield>
  <datafield tag="038" ind1=" " ind2=" ">
    <subfield code="a">Khadija</subfield>
  </datafield>
  <datafield tag="040" ind1=" " ind2=" ">
    <subfield code="a">DLC</subfield>
    <subfield code="c">DLC</subfield>
    <subfield code="d">YDXCP</subfield>
    <subfield code="d">BAKER</subfield>
    <subfield code="d">BTCTA</subfield>
    <subfield code="d">C#P</subfield>
    <subfield code="d">OrLoB-B</subfield>
  </datafield>
  <datafield tag="050" ind1="0" ind2="0">
    <subfield code="a">TH438.4</subfield>
    <subfield code="b">.W65 2007</subfield>
  </datafield>
  <datafield tag="082" ind1="0" ind2="0">
    <subfield code="a">690.0684</subfield>
    <subfield code="2">22</subfield>
    <subfield code="b">WOO</subfield>
  </datafield>
  <datafield tag="100" ind1="1" ind2=" ">
    <subfield code="a">Woolf, Murray B.</subfield>
    <subfield code="9">86877</subfield>
  </datafield>
  <datafield tag="245" ind1="1" ind2="0">
    <subfield code="a">Faster Construction Projects with CPM Scheduling /</subfield>
    <subfield code="c">Murray B. Woolf.</subfield>
  </datafield>
  <datafield tag="260" ind1=" " ind2=" ">
    <subfield code="a">New York :</subfield>
    <subfield code="b">McGraw Hill,</subfield>
    <subfield code="c">c2007.</subfield>
  </datafield>
  <datafield tag="300" ind1=" " ind2=" ">
    <subfield code="a">xliii, 412 p. :</subfield>
    <subfield code="b">ill. ;</subfield>
    <subfield code="c">25 cm.</subfield>
  </datafield>
  <datafield tag="500" ind1=" " ind2=" ">
    <subfield code="a">Includes index.</subfield>
  </datafield>
  <datafield tag="505" ind1="0" ind2="0">
    <subfield code="g">1.</subfield>
    <subfield code="t">The allure of the project schedule -- </subfield>
    <subfield code="g">2.</subfield>
    <subfield code="t">Understanding the scheduling theater -- </subfield>
    <subfield code="g">3.</subfield>
    <subfield code="t">Why our schedules disappoint our customers -- </subfield>
    <subfield code="g">4.</subfield>
    <subfield code="t">The changing style of project management -- </subfield>
    <subfield code="g">5.</subfield>
    <subfield code="t">The new scheduling practice paradigm : specializations, positions, deliverables, and roles -- </subfield>
    <subfield code="g">6.</subfield>
    <subfield code="t">Introduction to dilemma control -- </subfield>
    <subfield code="g">7.</subfield>
    <subfield code="t">Introduction to momentology -- </subfield>
    <subfield code="g">8.</subfield>
    <subfield code="t">Recap of new concepts and terminology -- </subfield>
    <subfield code="g">9.</subfield>
    <subfield code="t">Scheduling practice and faster projects -- </subfield>
    <subfield code="g">10.</subfield>
    <subfield code="t">Anatomy of a schedule -- </subfield>
    <subfield code="g">11.</subfield>
    <subfield code="t">Working at cross-purposes -- </subfield>
    <subfield code="g">12.</subfield>
    <subfield code="t">Concerning schedule design -- </subfield>
    <subfield code="g">13.</subfield>
    <subfield code="t">Concerning schedule development -- </subfield>
    <subfield code="g">14.</subfield>
    <subfield code="t">Schedule components -- </subfield>
    <subfield code="g">15.</subfield>
    <subfield code="t">Performance recording -- </subfield>
    <subfield code="g">16.</subfield>
    <subfield code="t">Performance control -- </subfield>
    <subfield code="g">17.</subfield>
    <subfield code="t">Creating schedules they'll actually want to use!</subfield>
  </datafield>
  <datafield tag="520" ind1="1" ind2=" ">
    <subfield code="a">"Faster Construction Projects with CPM Scheduling is a comprehensive review that gives you insight into the latest innovations in network-based project planning, scheduling, and control ... saving you time and money on all construction projects." "You'll find a full explanation of the new Scheduling Practice Paradigm, translated into tangible steps you can use to create powerful project schedules designed to boost productivity on any job. Completely compatible with the Collaborative Project Management Model, the new Scheduling Practice Paradigm provides commitment planning, execution scheduling, and comprehensive performance control."--BOOK JACKET.</subfield>
  </datafield>
  <datafield tag="563" ind1=" " ind2=" ">
    <subfield code="a">HB</subfield>
  </datafield>
  <datafield tag="650" ind1=" " ind2="0">
    <subfield code="a">Building</subfield>
    <subfield code="x">Superintendence.</subfield>
    <subfield code="9">86878</subfield>
  </datafield>
  <datafield tag="650" ind1=" " ind2="0">
    <subfield code="a">Production scheduling.</subfield>
    <subfield code="9">86879</subfield>
  </datafield>
  <datafield tag="650" ind1=" " ind2="0">
    <subfield code="a">Critical path analysis.</subfield>
    <subfield code="9">86880</subfield>
  </datafield>
  <datafield tag="856" ind1="4" ind2="2">
    <subfield code="3">Contributor biographical information</subfield>
    <subfield code="u">http://www.loc.gov/catdir/enhancements/fy0708/2007007213-b.html</subfield>
  </datafield>
  <datafield tag="856" ind1="4" ind2="2">
    <subfield code="3">Publisher description</subfield>
    <subfield code="u">http://www.loc.gov/catdir/enhancements/fy0708/2007007213-d.html</subfield>
  </datafield>
  <datafield tag="856" ind1="4" ind2="1">
    <subfield code="3">Table of contents only</subfield>
    <subfield code="u">http://www.loc.gov/catdir/enhancements/fy0708/2007007213-t.html</subfield>
  </datafield>
  <datafield tag="900" ind1=" " ind2=" ">
    <subfield code="b">TOC</subfield>
  </datafield>
  <datafield tag="942" ind1=" " ind2=" ">
    <subfield code="2">ddc</subfield>
    <subfield code="c">BK</subfield>
  </datafield>
  <datafield tag="948" ind1="1" ind2=" ">
    <subfield code="a">20070822</subfield>
    <subfield code="b">c</subfield>
    <subfield code="c">fra1</subfield>
    <subfield code="d">SCMC</subfield>
  </datafield>
  <datafield tag="999" ind1=" " ind2=" ">
    <subfield code="c">32153</subfield>
    <subfield code="d">32153</subfield>
  </datafield>
  <datafield tag="952" ind1=" " ind2=" ">
    <subfield code="0">0</subfield>
    <subfield code="1">0</subfield>
    <subfield code="2">ddc</subfield>
    <subfield code="4">0</subfield>
    <subfield code="7">0</subfield>
    <subfield code="a">SMME</subfield>
    <subfield code="b">SMME</subfield>
    <subfield code="c">GEN</subfield>
    <subfield code="d">2015-07-27</subfield>
    <subfield code="o">690.0684 WOO</subfield>
    <subfield code="p">SMME-856</subfield>
    <subfield code="r">2018-03-27</subfield>
    <subfield code="w">2015-07-27</subfield>
    <subfield code="y">BK</subfield>
  </datafield>
</record>
